000 01363nam1a22002411i 4500
001 rc\3609407
005 20240723233307.0
010 _9600
035 _a(NLR Aleph) 007711447
090 _a6853719
_c6853719
100 _a20130115d1973 |||y0rusy50 ca
101 0 _arus
102 _aRU
105 _a d |||||
200 1 _aРефераты докладов
_eЧ. 1-
_fНауч. совет по проблема электр. измерений и измерит. информ. систем АН СССР. Совет по проблеме "Приборостроение". Гос. ком. Совета Министров СССР по науке и технике. Всесоюз. науч.-исслед. ин-т метрол. службы. Моск. гор. правл. НТО "Приборпром". Всесоюз. науч.-техн. конф. "Методы и средства измерения температуры". г. Москва, 1973
210 _a[Москва
_cБ. и.
_d1973]
215 _d20
333 _aДля служебного пользования
710 1 2 _a"Методы и средства измерения температуры", всесоюзная науч.-техн. конференция (1973; Москва)
801 0 _aRU
_bNLR
_gpsbo
801 1 _aRU
_bELAR
_2rusmarc
852 _aNLR
_j73-50к/5360
942 _cBOOK